00907cam a22003015i 450000100090000000300040000900500170001300600190003000700150004900800410006401000170010501700500012202000180017203500250019003500170021504000220023204600090025408200110026324500620027426400570033630000220039333600260041533700260044133800360046758800410050372000240054472000370056822276430OSt20230629135944.0m |o d | cr |||||||||||211018s2019 xxu o 000 0 eng  a 2020749888 aTX 008780203d20190812bU.S. Copyright Office a9781682676561 a(DLC-CO)TX 008780203 a1-7965626621 aDLCbengepncDLC k2019 a346.7300aPatent, Trademark, and Copyright Laws, July 1991 Edition. 1a[United States] :b[publisher not identified],c2019 a1 online resource atextbtxt2rdacontent acomputerbc2rdamedia aonline resourcebcr2rdacarrier0 aU.S. Copyright Office public catalog1 aSamuels, Jeffrey M.2 aBureau of National Affairs, Inc.